Ella finds love again #3/ Jerry Eicher.
Available copies
- 1 of 1 copy available at LARL/NWRL Consortium.
Current holds
0 current holds with 1 total copy.
View other formats and editions
Show All Copies
| Location | Call Number / Copy Notes | Barcode | Shelving Location | Status | Due Date |
|---|---|---|---|---|---|
| Roseau Public Library | EIC (Text) | 35500005157712 | Main | Available | - |
Record details
- ISBN: 9780736928069 (pbk.)
- ISBN: 0736928065 (pbk.)
- Physical Description: p. cm.
- Publisher: Eugene, Or. : Harvest House Publishers, 2011.
Search for related items by subject
| Subject: | Amish women > Fiction. Amish > Fiction. |
| Genre: | Love stories. Christian fiction. |
Search for related items by series
| LDR | 01597nam a22003978a 4500 | ||
|---|---|---|---|
| 001 | 131560 | ||
| 003 | LARL_NWRL_CONSORTIUM | ||
| 005 | 20110524144128.0 | ||
| 008 | 101116s2011 oru 000 1 eng | ||
| 010 | . | ‡a2010046522 | |
| 020 | . | ‡a9780736928069 (pbk.) | |
| 020 | . | ‡a0736928065 (pbk.) | |
| 035 | . | ‡a(OCoLC)681912579 | |
| 040 | . | ‡aDLC ‡cDLC | |
| 050 | 0 | 0. | ‡aPS3605.I34 ‡bE44 2011 |
| 082 | 0 | 0. | ‡a813/.6 ‡222 |
| 100 | 1 | . | ‡aEicher, Jerry S. ‡0(LARL_NWRL_CONSORTIUM)192869 |
| 245 | 1 | 0. | ‡aElla finds love again ‡n#3/ ‡cJerry Eicher. |
| 260 | . | ‡aEugene, Or. : ‡bHarvest House Publishers, ‡c2011. | |
| 300 | . | ‡ap. cm. | |
| 490 | 0 | . | ‡aLittle Valley ; ‡vbk. 3 |
| 650 | 0. | ‡aAmish women ‡vFiction. | |
| 650 | 0. | ‡aAmish ‡vFiction. ‡0(LARL_NWRL_CONSORTIUM)163281 | |
| 655 | 7. | ‡aLove stories. ‡2gsafd | |
| 655 | 7. | ‡aChristian fiction. ‡2gsafd | |
| 948 | . | ‡hNO HOLDINGS IN LAL - 5 OTHER HOLDINGS | |
| 994 | . | ‡aZ0 ‡bLAL | |
| 901 | . | ‡a131560 ‡bOCLC ‡c131560 ‡tbiblio | |

Add to basket
Permalink
Enable Highlighting